<?xml version="1.0" encoding="UTF-8"?>
<record
    xmlns:xsi="http://www.w3.org/2001/XMLSchema-instance"
    xsi:schemaLocation="http://www.loc.gov/MARC21/slim http://www.loc.gov/standards/marcxml/schema/MARC21slim.xsd"
    xmlns="http://www.loc.gov/MARC21/slim">

  <leader>02517nam0a2200445   4500</leader>
  <controlfield tag="001">RU\NLR\bibl\1478680</controlfield>
  <controlfield tag="005">20260405164231.0</controlfield>
  <datafield tag="010" ind1=" " ind2=" ">
    <subfield code="a">978-5-8189-1464-0</subfield>
    <subfield code="b">&#x432; &#x43F;&#x435;&#x440;.</subfield>
    <subfield code="9">5000</subfield>
  </datafield>
  <datafield tag="021" ind1=" " ind2=" ">
    <subfield code="a">RU</subfield>
    <subfield code="b">2009-107639</subfield>
    <subfield code="9">6867</subfield>
  </datafield>
  <datafield tag="035" ind1=" " ind2=" ">
    <subfield code="a">(nilc)RSL-KNO-004565480</subfield>
  </datafield>
  <datafield tag="035" ind1=" " ind2=" ">
    <subfield code="a">(NLR Aleph) 001470342</subfield>
  </datafield>
  <datafield tag="090" ind1=" " ind2=" ">
    <subfield code="a">1639605</subfield>
    <subfield code="c">1639605</subfield>
  </datafield>
  <datafield tag="100" ind1=" " ind2=" ">
    <subfield code="a">20100114d2009    |||y0rusy50      ca</subfield>
  </datafield>
  <datafield tag="101" ind1="1" ind2=" ">
    <subfield code="a">rus</subfield>
    <subfield code="c">eng</subfield>
  </datafield>
  <datafield tag="102" ind1=" " ind2=" ">
    <subfield code="a">RU</subfield>
  </datafield>
  <datafield tag="105" ind1=" " ind2=" ">
    <subfield code="a">y   |||||||||</subfield>
  </datafield>
  <datafield tag="200" ind1="1" ind2=" ">
    <subfield code="a">&#x41E;&#x434;&#x438;&#x43D;&#x431;&#x443;&#x440;&#x433;</subfield>
    <subfield code="e">[&#x441;&#x431;&#x43E;&#x440;&#x43D;&#x438;&#x43A;]</subfield>
    <subfield code="f">&#x410;&#x43B;&#x435;&#x43A;&#x441;&#x430;&#x43D;&#x434;&#x440; &#x41C;&#x430;&#x43A;&#x43A;&#x43E;&#x43B; &#x421;&#x43C;&#x438;&#x442;, &#x418;&#x44D;&#x43D; &#x420;&#x44D;&#x43D;&#x43A;&#x438;&#x43D;, &#x418;&#x440;&#x432;&#x438;&#x43D; &#x423;&#x44D;&#x43B;&#x448;</subfield>
    <subfield code="g">&#x441; &#x43F;&#x440;&#x435;&#x434;&#x438;&#x441;&#x43B;. &#x414;&#x436;&#x43E;&#x430;&#x43D; &#x41A;. &#x420;&#x43E;&#x443;&#x43B;&#x438;&#x43D;&#x433;</subfield>
    <subfield code="g">&#x432;&#x441;&#x442;&#x443;&#x43F;. &#x441;&#x43B;&#x43E;&#x432;&#x43E; &#x41B;&#x435;&#x441;&#x43B;&#x438; &#x425;&#x438;&#x43D;&#x434;&#x441;&#x430;</subfield>
    <subfield code="g">[&#x43F;&#x435;&#x440;. &#x441; &#x430;&#x43D;&#x433;&#x43B;. &#x410;. &#x421;&#x43E;&#x43B;&#x43E;&#x432;&#x44C;&#x435;&#x432;&#x430;]</subfield>
  </datafield>
  <datafield tag="210" ind1=" " ind2=" ">
    <subfield code="a">&#x41C;&#x43E;&#x441;&#x43A;&#x432;&#x430;</subfield>
    <subfield code="c">Geleos Publishing House</subfield>
    <subfield code="c">&#x438;&#x437;&#x434;&#x430;&#x442;&#x435;&#x43B;&#x44C; &#x410;. &#x421;&#x43E;&#x43B;&#x43E;&#x432;&#x44C;&#x435;&#x432;</subfield>
    <subfield code="d">2009</subfield>
  </datafield>
  <datafield tag="215" ind1=" " ind2=" ">
    <subfield code="a">154, [1] &#x441;.</subfield>
    <subfield code="d">20</subfield>
  </datafield>
  <datafield tag="225" ind1="1" ind2=" ">
    <subfield code="a">Geleos</subfield>
  </datafield>
  <datafield tag="300" ind1=" " ind2=" ">
    <subfield code="a">&#x417;&#x430;&#x433;&#x43B;. &#x438; &#x430;&#x432;&#x442;. &#x43E;&#x440;&#x438;&#x433;.: OneCity / Alexander McCall Smith, Ian Rankin, Irvin Welsh</subfield>
  </datafield>
  <datafield tag="300" ind1=" " ind2=" ">
    <subfield code="a">&#x41D;&#x430; &#x43E;&#x431;&#x43B;. &#x437;&#x430;&#x433;&#x43B;.: &#x42D;&#x434;&#x438;&#x43D;&#x431;&#x443;&#x440;&#x433;, &#x43F;&#x435;&#x440;&#x432;&#x430;&#x44F; &#x431;&#x443;&#x43A;&#x432;&#x430; &#x43F;&#x435;&#x440;&#x435;&#x447;&#x435;&#x440;&#x43A;&#x43D;&#x443;&#x442;&#x430; &#x438; &#x438;&#x441;&#x43F;&#x440;. &#x43D;&#x430; &#x41E;</subfield>
  </datafield>
  <datafield tag="300" ind1=" " ind2=" ">
    <subfield code="a">&#x41D;&#x430; &#x43E;&#x431;&#x43B;. &#x430;&#x432;&#x442;.: &#x418;&#x440;&#x432;&#x438;&#x43D; &#x423;&#x44D;&#x43B;&#x448;, &#x418;&#x44D;&#x43D; &#x420;&#x44D;&#x43D;&#x43A;&#x438;&#x43D;, &#x410;&#x43B;&#x435;&#x43A;&#x441;&#x430;&#x43D;&#x434;&#x440; &#x41C;&#x430;&#x43A;&#x43A;&#x43E;&#x43B; &#x421;&#x43C;&#x438;&#x442;, &#x414;&#x436;&#x43E;&#x430;&#x43D; &#x420;&#x43E;&#x443;&#x43B;&#x438;&#x43D;&#x433;</subfield>
  </datafield>
  <datafield tag="300" ind1=" " ind2=" ">
    <subfield code="a">&#x41D;&#x430; &#x43A;&#x43E;&#x440;&#x435;&#x448;&#x43A;&#x435;: &#x41E;&#x434;&#x438;&#x43D;&#x431;&#x443;&#x440;&#x433; / &#x418;&#x440;&#x432;&#x438;&#x43D; &#x423;&#x44D;&#x43B;&#x448;</subfield>
  </datafield>
  <datafield tag="300" ind1=" " ind2=" ">
    <subfield code="a">&#x421;&#x43E;&#x434;&#x435;&#x440;&#x436;.: &#x41D;&#x435;&#x437;&#x430;&#x432;&#x438;&#x434;&#x43D;&#x430;&#x44F; &#x441;&#x443;&#x434;&#x44C;&#x431;&#x430; &#x41A;&#x438;&#x442;&#x442;&#x438; &#x434;&#x430; &#x421;&#x438;&#x43B;&#x432;&#x44B; / &#x410;&#x43B;&#x435;&#x43A;&#x441;&#x430;&#x43D;&#x434;&#x440; &#x41C;&#x430;&#x43A;&#x43A;&#x43E;&#x43B;&#x43B; &#x421;&#x43C;&#x438;&#x442;. &#x428;&#x43E;&#x443; &#x43D;&#x430;&#x447;&#x438;&#x43D;&#x430;&#x435;&#x442;&#x441;&#x44F; / &#x418;&#x44D;&#x43D; &#x420;&#x44D;&#x43D;&#x43A;&#x438;&#x43D;. &#x41C;&#x44E;&#x440;&#x440;&#x435;&#x439;&#x444;&#x438;&#x43B;&#x434; (&#x412;&#x44B; &#x43F;&#x440;&#x43E;&#x441;&#x442;&#x43E; &#x438;&#x437;&#x434;&#x435;&#x432;&#x430;&#x435;&#x442;&#x435;&#x441;&#x44C;) / &#x418;&#x440;&#x432;&#x438;&#x43D; &#x423;&#x44D;&#x43B;&#x448;</subfield>
  </datafield>
  <datafield tag="455" ind1=" " ind2="0">
    <subfield code="1">2000#$aOneCity$fAlexander McCall Smith, Ian Rankin, Irvin Welsh</subfield>
    <subfield code="1">700#1$aMcCall Smith$bA.$gAlexander$f1948-$3RU\NLR\AUTH\770264456$4070</subfield>
    <subfield code="1">701#1$aRankin$bI.$gIan$4070</subfield>
    <subfield code="1">701#1$aWelsh$bI.$gIrvin$4070</subfield>
    <subfield code="t">OneCity</subfield>
    <subfield code="a">McCall Smith, Alexander (1948-)</subfield>
  </datafield>
  <datafield tag="517" ind1="0" ind2=" ">
    <subfield code="a">&#x42D;&#x434;&#x438;&#x43D;&#x431;&#x443;&#x440;&#x433;</subfield>
  </datafield>
  <datafield tag="686" ind1=" " ind2=" ">
    <subfield code="a">&#x428;5(4&#x412;&#x43B;)62-699.9</subfield>
    <subfield code="2">rubbk</subfield>
  </datafield>
  <datafield tag="686" ind1=" " ind2=" ">
    <subfield code="a">&#x428;5(4&#x412;&#x43B;)62-644&#x44F;43</subfield>
    <subfield code="2">rubbk</subfield>
  </datafield>
  <datafield tag="686" ind1=" " ind2=" ">
    <subfield code="a">&#x428;6(4&#x412;&#x43B;)67-440.4&#x44F;43{&#x41B;&#x445;1299-50&#x441;&#x431;}</subfield>
  </datafield>
  <datafield tag="700" ind1=" " ind2="1">
    <subfield code="4">070</subfield>
    <subfield code="8">rus</subfield>
    <subfield code="7">ca</subfield>
    <subfield code="a">&#x41C;&#x430;&#x43A;&#x43A;&#x43E;&#x43B; &#x421;&#x43C;&#x438;&#x442;</subfield>
    <subfield code="b">&#x410;.</subfield>
    <subfield code="f">1948-</subfield>
    <subfield code="g">&#x410;&#x43B;&#x435;&#x43A;&#x441;&#x430;&#x43D;&#x434;&#x440;</subfield>
    <subfield code="3">RU\NLR\auth\7770225</subfield>
    <subfield code="9">53153</subfield>
  </datafield>
  <datafield tag="701" ind1=" " ind2="1">
    <subfield code="4">070</subfield>
    <subfield code="7">ca</subfield>
    <subfield code="8">rus</subfield>
    <subfield code="a">&#x420;&#x44D;&#x43D;&#x43A;&#x438;&#x43D;</subfield>
    <subfield code="b">&#x418;.</subfield>
    <subfield code="f">1960-</subfield>
    <subfield code="g">&#x418;&#x44D;&#x43D;</subfield>
    <subfield code="9">253268</subfield>
    <subfield code="3">RU\NLR\AUTH\770253324</subfield>
  </datafield>
  <datafield tag="701" ind1=" " ind2="1">
    <subfield code="4">070</subfield>
    <subfield code="7">ca</subfield>
    <subfield code="8">rus</subfield>
    <subfield code="a">&#x423;&#x44D;&#x43B;&#x448;</subfield>
    <subfield code="b">&#x418;.</subfield>
    <subfield code="f">1958-</subfield>
    <subfield code="g">&#x418;&#x440;&#x432;&#x438;&#x43D;</subfield>
    <subfield code="9">193961</subfield>
    <subfield code="3">RU\NLR\AUTH\770194012</subfield>
  </datafield>
  <datafield tag="801" ind1=" " ind2="0">
    <subfield code="a">RU</subfield>
    <subfield code="b">RuMoRGB</subfield>
    <subfield code="c">20100114</subfield>
    <subfield code="g">rcr</subfield>
  </datafield>
  <datafield tag="801" ind1=" " ind2="1">
    <subfield code="a">RU</subfield>
    <subfield code="b">RuMoRGB</subfield>
    <subfield code="c">20100114</subfield>
  </datafield>
  <datafield tag="801" ind1=" " ind2="2">
    <subfield code="a">RU</subfield>
    <subfield code="b">NLR</subfield>
    <subfield code="c">20100301</subfield>
    <subfield code="g">rcr</subfield>
  </datafield>
  <datafield tag="942" ind1=" " ind2=" ">
    <subfield code="c">BOOK</subfield>
  </datafield>
  <datafield tag="980" ind1=" " ind2=" ">
    <subfield code="a">NB</subfield>
  </datafield>
  <datafield tag="995" ind1=" " ind2=" ">
    <subfield code="5">2010-03-01</subfield>
    <subfield code="a">ad</subfield>
    <subfield code="b">NLR01</subfield>
    <subfield code="c">NLR01</subfield>
    <subfield code="e">RF8</subfield>
    <subfield code="f">1-1657222</subfield>
    <subfield code="k">2010-3/5963</subfield>
    <subfield code="o">0</subfield>
    <subfield code="r">BOOK</subfield>
    <subfield code="s">201035963_</subfield>
  </datafield>
  <datafield tag="995" ind1=" " ind2=" ">
    <subfield code="5">2010-03-01</subfield>
    <subfield code="a">ad</subfield>
    <subfield code="b">NLR01</subfield>
    <subfield code="c">NLR01</subfield>
    <subfield code="e">RF8</subfield>
    <subfield code="f">1-4425738</subfield>
    <subfield code="k">2010-3/5963</subfield>
    <subfield code="o">0</subfield>
    <subfield code="r">BOOK</subfield>
    <subfield code="s">201035963_</subfield>
  </datafield>
</record>
